Регионална библиотека "Любен Каравелов" - Русе

Славеят на Северозапада (Запис номер 387303)

MARC детайли
000 -Лидер
Контролно поле с фиксирана дължина 01826nam a2200325 a 4500
003 - Код на организацията, давaща контролен номер
Контролно поле BLK
005 - Дата и час на последна редакция
Контролно поле 20241208004036.0
008 - Елементи от данни с фиксирана дължина
fixed length control field 200909b bu ||||| |||| 00| 0 bu d
020 ## - Международен стандартен номер на книга ISBN
Международен стандартен номер на книга ISBN 9786190011309
040 ## - Източник на каталожния запис
Идентификатор на билиотеката - собственик на записа BLK
041 ## - Код за език
Код за езика на текст/звукозапис или на отделно заглавие Български
Код за езика КДБФ Български
080 ## - УДК
Текстов определител УДК Музикални изпълнители (инструменталисти, певци), интерпретатори, диригенти
УДК код - определител по УДК 78.071.2
УДК - код + определител 78.071.2(497.2)(092)
080 ## - УДК
Текстов определител УДК Българска народна певица
УДК код - определител по УДК 929 Цекова, Гергана
УДК - код + определител 929 Цекова, Гергана
100 ## - Редна дума - Автор
Автор Ценкуловски, Никола Трифонов
Авторска отговорност първи автор
R(LIN) 1299
139 ## - Редно поле
Редна дума Ценкуловски, Никола Трифонов
Авторски знак Ценк - Ц 48
245 ## - Сведения за заглавието
Заглавие Славеят на Северозапада
Подзаглавни данни Думи за народната певица Гергана Цекова
Редно поле (дума) Никола Трифонов Ценкуловски ; Послесл. Петко Найденов Дилков.
257 ## - Страна на издаване
Страна на създаване/издаване България
260 ## - Област на издателските данни
9 (RLIN) 209950
Място на издаване, разпространение и проч. [В. Търново]
Име на издателя, разпространителя и проч. Фабер
Година на издаване 2020
Издателство - префикс ISBN 978-619-00- ; 978-954-400- ; 978-954-775- ; 954-9541-
300 ## - Физическа характеристика
Страници 68 с.
Илюстрации и др. с ил., портр. ноти
Размери/Мащаб 20 см
380 ## - Жанр
Жанр Изкуство
501 ## - Забележка „подвързано към”
Забележка: Подвързано към... Анкета с Ценка Иванова Беновска: с. 12-14. - Биогр. данни за авт., отбелязани на гърба на кор.
600 #0 - Име на лице, използвано като предмет
9 (RLIN) 433453
За него / За нея Цекова, Гергана
650 #0 - Допълнително описание по предмет – тема
Основно описание – тема или топоним Народна музика, българска
9 (RLIN) 245423
650 #0 - Допълнително описание по предмет – тема
9 (RLIN) 244711
Основно описание – тема или топоним Народни певци, български
651 #7 - Допълнително описание по предмет - топоним
9 (RLIN) 179375
Географско понятие Плевенско
700 ## - Други автори (авторска отговорност)
9 (RLIN) 958
Лично име Дилков, Петко Найденов
Автороска отговорност (Описва отношението между автора и произведението) послесл.
700 ## - Други автори (авторска отговорност)
9 (RLIN) 433455
Лично име Беновска, Ценка Иванова
Автороска отговорност (Описва отношението между автора и произведението) *
999 ## - СИСТЕМНИ КОНТРОЛНИ НОМЕРА
Koha biblionumber 387303
Koha biblioitemnumber 387303
942 ## - АРТИКУЛИ
Вид на библиотечния материал Книги
Скрит в OPAC Не
Периодичен библиозапис Да
944 ## - СЪЗДАВАНЕ И РЕДАКЦИЯ на ЗАПИСА
Създаване/Редакция Създаване
Дата на регистрацията/редакция 2020-09-09
Служител, извършил регистрацията/редакцията
Статус, дата на статуса CRON CRON
Наличности
Код за отписване Код за изгубен артикул Източник на класификационната схема Код за повреда Коз за рестрикции Код за отдаване Артикулен № Име на библиотеката - собственик Име на библиотеката, в която се намира в момента Статус (Текущо местоположение) Дата на вписване в системата Местоположение - отдел Цена в лева Систематично азбучна сигнатура Баркод Цена в евро Служебен тип на артикула
  Не е изгубен Universal Decimal Classification Не е повреден само за читалня ползва се в читалня 798742 Регионална библиотека "Любен Каравелов" Русе Регионална библиотека "Любен Каравелов" Русе Хранилище 2020-09-14 Хранилище 3.50 Цб 303493 120000846014 1.79 Книги
Vip Innovations Ltd, Rousse, Bulgaria 2025